| 000 | 00979nam a2200229 4500 | ||
|---|---|---|---|
| 999 |
_c8307 _d8307 |
||
| 001 | 21824 | ||
| 003 | BD-DhUAP | ||
| 005 | 20230531165840.0 | ||
| 008 | 230531b2022 bg a|||| |||| 001 0aBen d | ||
| 020 | _a9789843503510 | ||
| 040 |
_aBD-DhUAP _bBEN _cBD-DhUAP _dBD-DhUAP |
||
| 082 |
_223 _a954.5492 BAN |
||
| 245 |
_aবাংলাদেশ ও অনুপ্রেরণার গল্প = Bangladesh & story of inspiration, _cইন্সপায়ারিং বাংলাদেশ । |
||
| 250 | _aপ্রথম প্রকাশ | ||
| 260 |
_aঢাকা : _bইন্সপায়ারিং বাংলাদেশ, _c২০২২. |
||
| 300 |
_a২৪২ পৃষ্ঠা : _bচিত্র ; _c২২ সে.মি. |
||
| 504 | _aInclude Bibliography. | ||
| 650 |
_aPolitics and government. _zBangladesh. |
||
| 650 |
_aEconomic conditions. _zBangladesh. |
||
| 700 | _aইন্সপায়ারিং বাংলাদেশ, | ||
| 942 |
_2ddc _cBK |
||